[Event "Deutsche Ländermeisterschaft 2014"]
[Site "Hannover GER"]
[Date "2014.10.04"]
[Round "2"]
[White "Krause, Jonah"]
[Black "Sawlin, Leonid"]
[Result "1/2-1/2"]
[Termination "normal"]
[Board "5.2"]
[WhiteElo "2148"]
[BlackElo "2143"]
[WhiteClock "00:14:30"]
[BlackClock "00:24:08"]
[WhiteTeam "Schleswig-Holstein"]
[BlackTeam "Berlin"]
[PlyCount "89"]
[WhiteFideId "12907910"]
[BlackFideId "4689542"]
[EventCountry "GER"]
[EventRounds "7"]
[EventType "team-swiss"]
[EventDate "2014.10.02"]

1. d4 {[%clk 1:30:59]} e6 {[%clk 1:30:46]} 2. c4 {[%clk 1:31:24]} Nf6 {[%clk
1:31:11]} 3. g3 {[%clk 1:31:49]} d5 {[%clk 1:31:36]} 4. Nf3 {[%clk 1:32:15]}
dxc4 {[%clk 1:31:58]} 5. Bg2 {[%clk 1:32:41]} Nc6 {[%clk 1:32:24]} 6. Qa4
{[%clk 1:32:40]} Bb4+ {[%clk 1:32:35]} 7. Bd2 {[%clk 1:31:04]} Nd5 {[%clk
1:32:27]} 8. Qb5 {[%clk 1:30:22]} Bxd2+ {[%clk 1:31:03]} 9. Nbxd2 {[%clk
1:30:37]} c3 {[%clk 1:31:18]} 10. bxc3 {[%clk 1:31:02]} Nxc3 {[%clk 1:31:39]}
11. Qb3 {[%clk 1:28:15]} Nd5 {[%clk 1:32:00]} 12. O-O {[%clk 1:23:41]} O-O
{[%clk 1:31:11]} 13. Rfc1 {[%clk 1:21:48]} Nb6 {[%clk 1:30:02]} 14. Qe3 {[%clk
1:14:18]} Ne7 {[%clk 1:25:18]} 15. Qd3 {[%clk 1:06:16]} c6 {[%clk 1:12:52]} 16.
Rab1 {[%clk 1:04:58]} Nf5 {[%clk 1:09:22]} 17. e3 {[%clk 1:04:35]} Kh8 {[%clk
1:05:58]} 18. Ne4 {[%clk 1:01:37]} Qe7 {[%clk 1:02:04]} 19. Nc5 {[%clk
0:59:22]} Nd6 {[%clk 1:00:32]} 20. e4 {[%clk 0:51:44]} Rd8 {[%clk 0:56:19]} 21.
Qe2 {[%clk 0:43:16]} Rb8 {[%clk 0:48:32]} 22. a4 {[%clk 0:41:57]} Nd7 {[%clk
0:45:36]} 23. Nd3 {[%clk 0:41:49]} Ne8 {[%clk 0:37:16]} 24. h4 {[%clk 0:40:12]}
f6 {[%clk 0:36:52]} 25. e5 {[%clk 0:39:20]} f5 {[%clk 0:36:54]} 26. Nf4 {[%clk
0:34:23]} Nc7 {[%clk 0:35:01]} 27. Ng5 {[%clk 0:31:44]} Kg8 {[%clk 0:33:42]}
28. Qa2 {[%clk 0:29:57]} Nb6 {[%clk 0:33:23]} 29. a5 {[%clk 0:28:13]} Nbd5
{[%clk 0:33:44]} 30. Bxd5 {[%clk 0:22:26]} Nxd5 {[%clk 0:30:15]} 31. Nxd5
{[%clk 0:22:51]} Rxd5 {[%clk 0:28:33]} 32. Rxc6 {[%clk 0:22:37]} h6 {[%clk
0:28:07]} 33. Nf3 {[%clk 0:22:07]} bxc6 {[%clk 0:28:21]} 34. Rxb8 {[%clk
0:22:35]} Qc7 {[%clk 0:28:37]} 35. Qb3 {[%clk 0:22:10]} Kh7 {[%clk 0:28:08]}
36. Qb4 {[%clk 0:18:49]} Rxa5 {[%clk 0:27:25]} 37. Qd6 {[%clk 0:19:09]} Qd7
{[%clk 0:24:37]} 38. Qf8 {[%clk 0:19:08]} Qd5 {[%clk 0:23:29]} 39. Kg2 {[%clk
0:18:24]} c5 {[%clk 0:22:49]} 40. Rxc8 {[%clk 0:18:01]} Ra3 {[%clk 0:23:03]}
41. Qg8+ {[%clk 0:17:05]} Kg6 {[%clk 0:23:31]} 42. Qe8+ {[%clk 0:17:26]} Kh7
{[%clk 0:23:55]} 43. Qg8+ {[%clk 0:16:41]} Kg6 {[%clk 0:24:10]} 44. Qe8+ {[%clk
0:14:30]} Kh7 {[%clk 0:24:08]} 45. Qc6 1/2-1/2

[Event "Deutsche Ländermeisterschaft 2014"]
[Site "Hannover GER"]
[Date "2014.10.04"]
[Round "2"]
[White "Schmidek, Emil"]
[Black "Kololli, Kevin"]
[Result "1-0"]
[Termination "normal"]
[Board "5.3"]
[WhiteElo "2108"]
[BlackElo "2161"]
[WhiteClock "00:19:58"]
[BlackClock "00:59:45"]
[WhiteTeam "Berlin"]
[BlackTeam "Schleswig-Holstein"]
[PlyCount "97"]
[WhiteFideId "12908150"]
[BlackFideId "12936863"]
[EventCountry "GER"]
[EventRounds "7"]
[EventType "team-swiss"]
[EventDate "2014.10.02"]

1. e4 {[%clk 1:30:58]} e5 {[%clk 1:30:50]} 2. Nf3 {[%clk 1:31:21]} Nc6 {[%clk
1:31:12]} 3. Bb5 {[%clk 1:31:45]} a6 {[%clk 1:31:33]} 4. Ba4 {[%clk 1:32:10]}
Nf6 {[%clk 1:31:53]} 5. d3 {[%clk 1:32:25]} b5 {[%clk 1:32:03]} 6. Bb3 {[%clk
1:32:50]} Be7 {[%clk 1:32:21]} 7. O-O {[%clk 1:33:13]} d6 {[%clk 1:32:27]} 8.
c3 {[%clk 1:33:36]} O-O {[%clk 1:32:47]} 9. Re1 {[%clk 1:33:46]} Na5 {[%clk
1:33:07]} 10. Bc2 {[%clk 1:34:10]} c5 {[%clk 1:33:18]} 11. Nbd2 {[%clk
1:34:29]} Qc7 {[%clk 1:33:20]} 12. Nf1 {[%clk 1:34:26]} Nc6 {[%clk 1:27:53]}
13. Ne3 {[%clk 1:26:24]} Be6 {[%clk 1:22:37]} 14. d4 {[%clk 1:24:37]} cxd4
{[%clk 1:21:46]} 15. cxd4 {[%clk 1:24:55]} Nxd4 {[%clk 1:20:33]} 16. Nxd4
{[%clk 1:25:12]} exd4 {[%clk 1:20:56]} 17. Qxd4 {[%clk 1:21:52]} Qc5 {[%clk
1:10:11]} 18. Qxc5 {[%clk 1:00:40]} dxc5 {[%clk 1:10:26]} 19. e5 {[%clk
0:57:54]} Nd5 {[%clk 1:08:19]} 20. Be4 {[%clk 0:56:23]} Rad8 {[%clk 1:06:53]}
21. Bxd5 {[%clk 0:54:59]} Bxd5 {[%clk 1:07:14]} 22. Nf5 {[%clk 0:55:21]} Rd7
{[%clk 1:06:17]} 23. Be3 {[%clk 0:46:01]} Rc8 {[%clk 1:06:15]} 24. Rad1 {[%clk
0:46:18]} Re8 {[%clk 0:58:46]} 25. Nxe7+ {[%clk 0:32:58]} Rexe7 {[%clk
0:59:05]} 26. Bxc5 {[%clk 0:33:17]} Re8 {[%clk 0:57:40]} 27. Bb4 {[%clk
0:32:06]} f6 {[%clk 0:51:59]} 28. exf6 {[%clk 0:29:41]} Rxe1+ {[%clk 0:52:21]}
29. Rxe1 {[%clk 0:28:46]} gxf6 {[%clk 0:52:42]} 30. a3 {[%clk 0:23:59]} Kf7
{[%clk 0:52:33]} 31. f3 {[%clk 0:21:32]} Rc7 {[%clk 0:48:43]} 32. Bc3 {[%clk
0:21:03]} Rc6 {[%clk 0:48:56]} 33. Kf2 {[%clk 0:20:16]} Bb3 {[%clk 0:48:41]}
34. Ke3 {[%clk 0:17:46]} Re6+ {[%clk 0:48:27]} 35. Kd4 {[%clk 0:17:39]} Rc6
{[%clk 0:46:58]} 36. Re4 {[%clk 0:15:02]} Ba2 {[%clk 0:44:33]} 37. Rf4 {[%clk
0:13:10]} Rc4+ {[%clk 0:39:36]} 38. Ke3 {[%clk 0:13:33]} Rc6 {[%clk 0:39:44]}
39. Rd4 {[%clk 0:06:56]} Be6 {[%clk 0:38:38]} 40. Rd8 {[%clk 0:05:22]} Bc4
{[%clk 0:38:19]} 41. Rd7+ {[%clk 0:03:29]} Kg6 {[%clk 0:38:04]} 42. Kf4 {[%clk
0:27:03]} Be6 {[%clk 1:08:08]} 43. Ra7 {[%clk 0:26:37]} Rc4+ {[%clk 1:08:22]}
44. Ke3 {[%clk 0:26:25]} Rc6 {[%clk 1:08:21]} 45. g4 {[%clk 0:21:07]} Bb3
{[%clk 1:05:03]} 46. h4 {[%clk 0:20:37]} Bc2 {[%clk 1:05:13]} 47. f4 {[%clk
0:19:41]} Re6+ {[%clk 0:59:26]} 48. Kf2 {[%clk 0:19:40]} f5 {[%clk 0:59:45]}
49. h5+ {[%clk 0:19:58]} 1-0

[Event "Deutsche Ländermeisterschaft 2014"]
[Site "Hannover GER"]
[Date "2014.10.04"]
[Round "2"]
[White "Kololli, Martin"]
[Black "Greßmann, Moritz"]
[Result "1-0"]
[Termination "normal"]
[Board "5.4"]
[WhiteElo "2200"]
[BlackElo "1977"]
[WhiteClock "00:33:59"]
[BlackClock "00:22:14"]
[WhiteTeam "Schleswig-Holstein"]
[BlackTeam "Berlin"]
[PlyCount "85"]
[WhiteFideId "12936910"]
[BlackFideId "24695084"]
[EventCountry "GER"]
[EventRounds "7"]
[EventType "team-swiss"]
[EventDate "2014.10.02"]

1. e4 {[%clk 1:30:57]} e5 {[%clk 1:30:55]} 2. Nf3 {[%clk 1:31:23]} Nc6 {[%clk
1:31:20]} 3. Bb5 {[%clk 1:31:39]} a6 {[%clk 1:31:40]} 4. Ba4 {[%clk 1:32:05]}
Nf6 {[%clk 1:32:00]} 5. O-O {[%clk 1:32:28]} Be7 {[%clk 1:32:22]} 6. Re1 {[%clk
1:32:50]} b5 {[%clk 1:32:36]} 7. Bb3 {[%clk 1:33:15]} d6 {[%clk 1:32:58]} 8. c3
{[%clk 1:33:40]} O-O {[%clk 1:33:20]} 9. h3 {[%clk 1:34:07]} Na5 {[%clk
1:32:52]} 10. Bc2 {[%clk 1:34:28]} c5 {[%clk 1:33:17]} 11. d4 {[%clk 1:34:47]}
Qc7 {[%clk 1:33:37]} 12. Nbd2 {[%clk 1:30:30]} Nd7 {[%clk 1:30:46]} 13. Nf1
{[%clk 1:12:11]} Nb6 {[%clk 1:19:35]} 14. Ng3 {[%clk 1:01:33]} Nb7 {[%clk
1:07:57]} 15. d5 {[%clk 0:37:38]} c4 {[%clk 1:04:15]} 16. Nh2 {[%clk 0:35:54]}
Nc5 {[%clk 0:49:41]} 17. Qf3 {[%clk 0:34:23]} a5 {[%clk 0:46:08]} 18. Ng4
{[%clk 0:32:26]} f6 {[%clk 0:42:26]} 19. Nh5 {[%clk 0:29:11]} Bxg4 {[%clk
0:37:17]} 20. Qxg4 {[%clk 0:26:40]} Rf7 {[%clk 0:36:37]} 21. Ng3 {[%clk
0:24:45]} b4 {[%clk 0:30:55]} 22. Nf5 {[%clk 0:22:16]} Kh8 {[%clk 0:26:20]} 23.
Be3 {[%clk 0:16:57]} Nba4 {[%clk 0:23:51]} 24. cxb4 {[%clk 0:15:04]} axb4
{[%clk 0:23:38]} 25. b3 {[%clk 0:15:24]} Nb2 {[%clk 0:19:38]} 26. bxc4 {[%clk
0:15:10]} Nxc4 {[%clk 0:17:18]} 27. Bxc5 {[%clk 0:13:19]} Qxc5 {[%clk 0:17:47]}
28. Bb3 {[%clk 0:13:14]} Na5 {[%clk 0:09:13]} 29. Rac1 {[%clk 0:13:04]} Qa7
{[%clk 0:09:03]} 30. Rc2 {[%clk 0:12:17]} Nxb3 {[%clk 0:06:51]} 31. axb3 {[%clk
0:12:37]} Bf8 {[%clk 0:06:53]} 32. Rec1 {[%clk 0:11:09]} g6 {[%clk 0:05:49]}
33. Ne3 {[%clk 0:09:13]} Bh6 {[%clk 0:04:52]} 34. Rc8+ {[%clk 0:09:33]} Rxc8
{[%clk 0:03:12]} 35. Rxc8+ {[%clk 0:08:51]} Rf8 {[%clk 0:03:37]} 36. Nc4 {[%clk
0:07:16]} Qa1+ {[%clk 0:02:41]} 37. Kh2 {[%clk 0:07:41]} Qe1 {[%clk 0:01:35]}
38. Rxf8+ {[%clk 0:05:53]} Bxf8 {[%clk 0:02:04]} 39. Qc8 {[%clk 0:03:48]} Kg7
{[%clk 0:02:26]} 40. Qd7+ {[%clk 0:04:11]} Kh6 {[%clk 0:01:35]} 41. Ne3 {[%clk
0:04:17]} Kg5 {[%clk 0:22:42]} 42. h4+ {[%clk 0:33:50]} Kh6 {[%clk 0:22:14]}
43. Ng4+ {[%clk 0:33:59]} 1-0

[Event "Deutsche Ländermeisterschaft 2014"]
[Site "Hannover GER"]
[Date "2014.10.04"]
[Round "2"]
[White "Koch, Elisabeth"]
[Black "Kopylov, Daniel"]
[Result "0-1"]
[Termination "normal"]
[Board "5.5"]
[WhiteElo "1683"]
[BlackElo "1851"]
[WhiteTeam "Berlin"]
[BlackTeam "Schleswig-Holstein"]
[PlyCount "96"]
[WhiteFideId "24695068"]
[BlackFideId "12921971"]
[EventCountry "GER"]
[EventRounds "7"]
[EventType "team-swiss"]
[EventDate "2014.10.02"]

1. e4 c5 2. Nc3 Nc6 3. f4 g6 4. Nf3 Bg7 5. d3 d6 6. g3 e6 7. Bg2 Nge7 8. O-O
O-O 9. Be3 Nd4 10. Bxd4 cxd4 11. Ne2 Qb6 12. Qd2 Qxb2 13. Rfb1 Qa3 14. Nexd4
Qc5 15. c3 a6 16. Kh1 b5 17. Rb3 e5 18. Ne2 Be6 19. d4 Qc7 20. d5 Bg4 21. h3
Bxf3 22. Bxf3 exf4 23. gxf4 Rac8 24. Nd4 Qc5 25. Rd1 Rb8 26. Qd3 Rfc8 27. Be2
Rc7 28. c4 b4 29. Nf3 a5 30. e5 Nf5 31. Kg2 a4 32. Rbb1 Ne3+ 33. Kh1 Nxd1 34.
Qxd1 dxe5 35. fxe5 Qe3 36. Bf1 b3 37. axb3 Rxb3 38. Rxb3 Qxb3 39. Qxb3 axb3 40.
d6 Rb7 41. Bd3 b2 42. Bb1 Kf8 43. c5 Ke8 44. c6 Ra7 45. d7+ Ke7 46. Ng5 Ra1 47.
Nxf7 Rxb1+ 48. Kg2 Rd1 0-1

[Event "Deutsche Ländermeisterschaft 2014"]
[Site "Hannover GER"]
[Date "2014.10.04"]
[Round "2"]
[White "Köhler, Inken"]
[Black "Denkert, Anna"]
[Result "1/2-1/2"]
[Termination "normal"]
[Board "5.6"]
[WhiteElo "1718"]
[BlackElo "1712"]
[WhiteClock "00:20:45"]
[BlackClock "00:36:47"]
[WhiteTeam "Schleswig-Holstein"]
[BlackTeam "Berlin"]
[PlyCount "73"]
[WhiteFideId "12929301"]
[BlackFideId "12938122"]
[EventCountry "GER"]
[EventRounds "7"]
[EventType "team-swiss"]
[EventDate "2014.10.02"]

1. e4 c6 {[%clk 1:30:55]} 2. d4 {[%clk 1:31:21]} d5 {[%clk 1:31:20]} 3. exd5
cxd5 {[%clk 1:31:44]} 4. Bd3 {[%clk 1:32:01]} Nc6 {[%clk 1:32:34]} 5. c3 {[%clk
1:32:21]} Nf6 {[%clk 1:32:58]} 6. Bf4 {[%clk 1:32:18]} Bg4 7. Ne2 e6 {[%clk
1:31:56]} 8. Nd2 {[%clk 1:29:01]} Bd6 {[%clk 1:30:20]} 9. Bxd6 {[%clk 1:27:46]}
Qxd6 {[%clk 1:30:41]} 10. Qb3 {[%clk 1:27:22]} O-O {[%clk 1:25:14]} 11. Ng3
{[%clk 1:26:11]} Rab8 {[%clk 1:16:19]} 12. O-O Qf4 13. Nb1 {[%clk 1:14:58]} e5
{[%clk 1:13:36]} 14. dxe5 {[%clk 1:08:02]} Nxe5 {[%clk 1:13:44]} 15. Be2 {[%clk
1:06:52]} Bxe2 {[%clk 1:12:39]} 16. Nxe2 {[%clk 1:07:15]} Qc4 {[%clk 1:10:53]}
17. Nd4 {[%clk 1:03:33]} Qxb3 {[%clk 1:10:35]} 18. axb3 {[%clk 1:03:54]} a6
{[%clk 1:09:38]} 19. Nd2 {[%clk 1:03:17]} Nd3 {[%clk 1:08:26]} 20. Ra2 {[%clk
1:02:53]} Rfe8 {[%clk 1:02:31]} 21. N2f3 {[%clk 1:05:25]} Ne4 22. Nc2 {[%clk
0:59:33]} Ndc5 {[%clk 0:51:46]} 23. b4 {[%clk 0:59:23]} Nd3 {[%clk 0:50:18]}
24. Nfd4 {[%clk 0:57:40]} Nd6 25. Rd1 {[%clk 0:44:17]} Nf4 {[%clk 0:54:50]} 26.
g3 {[%clk 0:42:05]} Ne2+ {[%clk 0:53:50]} 27. Nxe2 {[%clk 0:38:20]} Rxe2 {[%clk
0:54:10]} 28. Rxd5 {[%clk 0:38:13]} Nb5 {[%clk 0:53:02]} 29. c4 {[%clk
0:34:12]} Rxc2 {[%clk 0:46:02]} 30. cxb5 {[%clk 0:32:59]} g6 {[%clk 0:43:33]}
31. Rc5 {[%clk 0:30:02]} Rd2 {[%clk 0:40:52]} 32. Kf1 {[%clk 0:29:58]} Re8
{[%clk 0:39:09]} 33. bxa6 {[%clk 0:29:05]} bxa6 {[%clk 0:38:36]} 34. Rxa6
{[%clk 0:29:03]} Rxb2 {[%clk 0:37:53]} 35. Rb5 {[%clk 0:28:55]} Kg7 {[%clk
0:36:52]} 36. Ra3 {[%clk 0:21:07]} Re4 {[%clk 0:36:47]} 37. Rf3 {[%clk
0:20:45]} 1/2-1/2

[Event "Deutsche Ländermeisterschaft 2014"]
[Site "Hannover GER"]
[Date "2014.10.04"]
[Round "2"]
[White "Dathe, Frederick"]
[Black "Rosmait, Emily"]
[Result "0-1"]
[Termination "normal"]
[Board "5.7"]
[WhiteElo "1654"]
[BlackElo "1821"]
[WhiteTeam "Berlin"]
[BlackTeam "Schleswig-Holstein"]
[PlyCount "74"]
[WhiteFideId "12963070"]
[BlackFideId "12937754"]
[EventCountry "GER"]
[EventRounds "7"]
[EventType "team-swiss"]
[EventDate "2014.10.02"]

1. d4 Nf6 2. c4 e6 3. Nc3 Bb4 4. f3 d5 5. a3 Bxc3+ 6. bxc3 O-O 7. e3 c5 8. cxd5
exd5 9. Bd3 Nc6 10. Ne2 Re8 11. O-O Bd7 12. Ng3 Rc8 13. Bb2 Rxe3 14. Qd2 cxd4
15. cxd4 Qe7 16. Rfe1 Re8 17. Kf2 Rxe1 18. Rxe1 Qxe1+ 19. Qxe1 Rxe1 20. Kxe1 g6
21. Kd2 Kf8 22. Kc3 Ke7 23. Bc1 Ne8 24. Nf1 Nd6 25. Ne3 Be6 26. a4 Na5 27. Ba3
Kd7 28. Bb4 Nac4 29. Nxc4 Nxc4 30. Bxc4 dxc4 31. Kd2 Kc6 32. Ke3 b6 33. Kd2 Kd5
34. Ke3 a5 35. Bc3 Bd7 36. Kd2 Bxa4 37. Kc1 b5 0-1

[Event "Deutsche Ländermeisterschaft 2014"]
[Site "Hannover GER"]
[Date "2014.10.04"]
[Round "2"]
[White "Schönweiler, Elisabeth"]
[Black "Schnabel, Luise"]
[Result "1/2-1/2"]
[Termination "normal"]
[Board "5.8"]
[WhiteElo "1249"]
[BlackElo "1369"]
[WhiteTeam "Schleswig-Holstein"]
[BlackTeam "Berlin"]
[PlyCount "53"]
[WhiteFideId "12997005"]
[BlackFideId "12943347"]
[EventCountry "GER"]
[EventRounds "7"]
[EventType "team-swiss"]
[EventDate "2014.10.02"]

1. e4 d6 2. d4 Nf6 3. Nc3 g6 4. Nf3 Bg7 5. Bc4 O-O 6. Bf4 Bg4 7. h3 Bxf3 8.
Qxf3 c6 9. a4 Re8 10. O-O e5 11. dxe5 dxe5 12. Be3 Nbd7 13. Rad1 Qc7 14. Ne2
Rad8 15. Ng3 Nb6 16. Bxb6 Qxb6 17. b3 Rxd1 18. Rxd1 Rd8 19. Rxd8+ Qxd8 20. Qd3
Qxd3 21. Bxd3 Kf8 22. Kf1 Ke7 23. f3 Nh5 24. Nxh5 gxh5 25. g3 Kf6 26. Kg2 Bh6
27. Kf2 1/2-1/2

[Event "Deutsche Ländermeisterschaft 2014"]
[Site "Hannover GER"]
[Date "2014.10.04"]
[Round "2"]
[White "Urban, Lars"]
[Black "Möhn, Hans"]
[Result "1/2-1/2"]
[Termination "normal"]
[Board "6.1"]
[WhiteElo "2174"]
[BlackElo "2270"]
[WhiteTeam "Thüringen"]
[BlackTeam "Sachsen"]
[PlyCount "102"]
[WhiteFideId "4644034"]
[BlackFideId "24647837"]
[EventCountry "GER"]
[EventRounds "7"]
[EventType "team-swiss"]
[EventDate "2014.10.02"]

1. d4 Nf6 2. c4 e6 3. Nc3 Bb4 4. e3 O-O 5. Bd3 c5 6. Nge2 d5 7. O-O cxd4 8.
exd4 dxc4 9. Bxc4 Nbd7 10. Bf4 Nb6 11. Bd3 Bd7 12. a3 Be7 13. b4 Rc8 14. Qb3
Nbd5 15. Be5 Qb6 16. Rac1 Rfd8 17. b5 Qa5 18. a4 Qb4 19. Qxb4 Bxb4 20. Ne4 Nxe4
21. Bxe4 f6 22. Bg3 Be8 23. h4 a6 24. Rxc8 Rxc8 25. Rb1 a5 26. Rc1 Rxc1+ 27.
Nxc1 Bg6 28. Bxg6 hxg6 29. Nd3 Kf7 30. Kf1 Nc3 31. Nb2 Ke7 32. Bc7 Nd5 33. Bg3
Bc3 34. Nc4 b6 35. Bd6+ Kf7 36. Ne3 Bxd4 37. Nxd5 exd5 38. Ke2 Ke6 39. Bc7 Bc5
40. f3 Kd7 41. Bg3 Ke6 42. Kd3 Kf5 43. Bc7 Bf2 44. Ke2 Bg1 45. g4+ Ke6 46. Bg3
Bc5 47. Kd3 Kd7 48. Be1 Kc7 49. Bg3+ Bd6 50. Bf2 Be5 51. Be1 Kd7 1/2-1/2

[Event "Deutsche Ländermeisterschaft 2014"]
[Site "Hannover GER"]
[Date "2014.10.04"]
[Round "2"]
[White "Richter, Leonard"]
[Black "Hoffmann, Tim"]
[Result "1-0"]
[Termination "normal"]
[Board "6.2"]
[WhiteElo "2130"]
[BlackElo "2013"]
[WhiteTeam "Sachsen"]
[BlackTeam "Thüringen"]
[PlyCount "139"]
[WhiteFideId "12900290"]
[BlackFideId "12900338"]
[EventCountry "GER"]
[EventRounds "7"]
[EventType "team-swiss"]
[EventDate "2014.10.02"]

1. e4 c5 2. Nf3 d6 3. d4 cxd4 4. Nxd4 Nf6 5. Nc3 a6 6. Bg5 e6 7. f4 Be7 8. Qf3
Qc7 9. O-O-O Nbd7 10. Bd3 h6 11. Bh4 g5 12. fxg5 Ne5 13. Qe2 Nfg4 14. Nf3 hxg5
15. Bg3 Bd7 16. h3 Nxf3 17. hxg4 Nh4 18. Rhf1 Ng6 19. Qf3 Rf8 20. Kb1 O-O-O 21.
Qe3 Ne5 22. Bxe5 dxe5 23. Rh1 Rh8 24. Qf2 f6 25. Rh5 Qc5 26. Qxc5+ Bxc5 27.
Rdh1 Rhg8 28. Bc4 Rg7 29. Rf1 Be7 30. Rh6 Kc7 31. Kc1 b5 32. Bb3 Bc8 33. Ne2
Rf7 34. Rf3 Rd6 35. Ng3 Bb7 36. Rc3+ Kd7 37. Nf5 Rc6 38. Rd3+ Ke8 39. Rh8+ Rf8
40. Ng7+ Kf7 41. Rxf8+ Kxf8 42. Nxe6+ Ke8 43. Ng7+ Kf8 44. Nf5 Bc8 45. Bd5 Rc7
46. Rh3 Ke8 47. Rh8+ Kd7 48. Ng7 Bb7 49. Bxb7 Rxb7 50. Ra8 Rb6 51. Ra7+ Kd8 52.
Nf5 Bc5 53. Rh7 Rc6 54. a3 Rc7 55. Rh8+ Kd7 56. c3 a5 57. Kc2 Rc8 58. Rxc8 Kxc8
59. b4 axb4 60. axb4 Bf8 61. Kb3 Kd7 62. c4 Kc6 63. Kc3 Kb6 64. Ne3 Kc6 65. Nd5
Bg7 66. Kb3 Bh8 67. Ne7+ Kb6 68. Nf5 Kc6 69. cxb5+ Kxb5 70. Kc3 1-0

[Event "Deutsche Ländermeisterschaft 2014"]
[Site "Hannover GER"]
[Date "2014.10.04"]
[Round "2"]
[White "Zahn, Alina"]
[Black "Urban, Konstantin"]
[Result "1/2-1/2"]
[Termination "normal"]
[Board "6.3"]
[WhiteElo "2024"]
[BlackElo "1991"]
[WhiteTeam "Thüringen"]
[BlackTeam "Sachsen"]
[PlyCount "92"]
[WhiteFideId "24696730"]
[BlackFideId "12927511"]
[EventCountry "GER"]
[EventRounds "7"]
[EventType "team-swiss"]
[EventDate "2014.10.02"]

1. e4 c5 2. Nf3 d6 3. Bb5+ Bd7 4. c4 g6 5. O-O Bg7 6. d4 cxd4 7. Nxd4 Nf6 8.
Bxd7+ Qxd7 9. f3 O-O 10. Be3 Nc6 11. Nc3 Rfd8 12. Qd2 Rac8 13. b3 e6 14. Rfd1
Qe7 15. Rac1 d5 16. cxd5 exd5 17. exd5 Nxd5 18. Nxd5 Rxd5 19. Nxc6 bxc6 20. Qf2
Re5 21. Bc5 Qb7 22. Bd4 Re6 23. Bxa7 Rce8 24. Rc2 Bh6 25. Bc5 Qb5 26. Qf1 Qa5
27. Bf2 Be3 28. h3 h5 29. Bxe3 Rxe3 30. Rcd2 Qg5 31. Qf2 Kg7 32. Kh2 h4 33. Kg1
c5 34. Rf1 Qf4 35. Rfd1 R8e5 36. Rf1 g5 37. Rfd1 c4 38. bxc4 Qxc4 39. f4 Qxf4
40. Qxf4 gxf4 41. Rf2 Re1+ 42. Rxe1 Rxe1+ 43. Rf1 Re4 44. Kf2 Ra4 45. Ra1 Kf6
46. a3 Ke5 1/2-1/2

[Event "Deutsche Ländermeisterschaft 2014"]
[Site "Hannover GER"]
[Date "2014.10.04"]
[Round "2"]
[White "Zienert, Richard"]
[Black "Nguyen, Huy Dat"]
[Result "0-1"]
[Termination "normal"]
[Board "6.4"]
[WhiteElo "1996"]
[BlackElo "1952"]
[WhiteTeam "Sachsen"]
[BlackTeam "Thüringen"]
[PlyCount "120"]
[WhiteFideId "12945986"]
[BlackFideId "12923486"]
[EventCountry "GER"]
[EventRounds "7"]
[EventType "team-swiss"]
[EventDate "2014.10.02"]

1. e4 e5 2. Nf3 Nc6 3. Bb5 a6 4. Ba4 Nf6 5. O-O Be7 6. Re1 b5 7. Bb3 O-O 8. d3
d6 9. c3 Na5 10. Bc2 c5 11. Nbd2 Re8 12. Nf1 Bf8 13. Bg5 h6 14. Bxf6 Qxf6 15.
Ne3 Be6 16. d4 cxd4 17. cxd4 Rac8 18. d5 Bd7 19. a4 Nc4 20. axb5 axb5 21. Ra7
Red8 22. Nxc4 Rxc4 23. Bd3 Rcc8 24. Qb3 g5 25. Rb7 Rb8 26. Rc7 h5 27. Ra1 Bh6
28. Raa7 Be8 29. Nd2 g4 30. Nf1 h4 31. Qd1 Qf4 32. g3 Qf3 33. Qxf3 gxf3 34.
gxh4 Kh7 35. Bc2 Bc1 36. b4 Rdc8 37. Bd1 Rxc7 38. Rxc7 Ba3 39. Rc3 Bxb4 40.
Rxf3 Bc5 41. Bb3 Ra8 42. Ne3 Ra1+ 43. Kg2 Re1 44. Ng4 Kg7 45. Nf6 Kf8 46. h5 b4
47. h6 Bb5 48. h7 Bf1+ 49. Kg3 Kg7 50. Kh4 Kh8 51. Kg5 Be2 52. Rh3 Bxf2 53. Ne8
Rg1+ 54. Kf6 Bg4 55. Rh6 Be3 56. Nxd6 Bxh6 57. Nxf7+ Kxh7 58. d6 Rb1 59. Be6
Bxe6 60. Kxe6 Rd1 0-1

[Event "Deutsche Ländermeisterschaft 2014"]
[Site "Hannover GER"]
[Date "2014.10.04"]
[Round "2"]
[White "Scheftlein, Richard"]
[Black "Moses, Selina"]
[Result "1-0"]
[Termination "normal"]
[Board "6.5"]
[WhiteElo "1999"]
[BlackElo "1908"]
[WhiteTeam "Thüringen"]
[BlackTeam "Sachsen"]
[PlyCount "103"]
[WhiteFideId "12945609"]
[BlackFideId "12908070"]
[EventCountry "GER"]
[EventRounds "7"]
[EventType "team-swiss"]
[EventDate "2014.10.02"]

1. d4 d5 2. c4 c6 3. Nf3 Nf6 4. e3 e6 5. Nbd2 Nbd7 6. Bd3 Bd6 7. O-O O-O 8. b3
e5 9. cxd5 Nxd5 10. dxe5 Nxe5 11. Nxe5 Bxe5 12. Bxh7+ Kxh7 13. Qh5+ Kg8 14.
Qxe5 Qf6 15. Qxf6 Nxf6 16. Bb2 Nd5 17. Nc4 Be6 18. Na5 Bc8 19. Rfd1 Re8 20. Rd2
Rb8 21. Bd4 a6 22. f3 f5 23. Kf2 Re6 24. Rc1 Bd7 25. Nc4 Rbe8 26. Nb6 Nxb6 27.
Bxb6 Bc8 28. Rcd1 Kf7 29. h3 g6 30. Kg3 Rh8 31. a4 Ree8 32. a5 Be6 33. b4 Bd5
34. Rd4 g5 35. Kf2 Kf6 36. Re1 Rh7 37. Bc5 Rh4 38. Rxh4 gxh4 39. Rd1 Kg5 40.
Rd4 Kh5 41. Rf4 Kg5 42. Bd4 Re6 43. Bc3 Re8 44. Ke2 Re6 45. Be1 Rh6 46. Kd3 Rh7
47. Kd4 Rh6 48. Kc5 Bb3 49. Rd4 Bd5 50. e4 fxe4 51. fxe4 Re6 52. Bxh4+ 1-0

[Event "Deutsche Ländermeisterschaft 2014"]
[Site "Hannover GER"]
[Date "2014.10.04"]
[Round "2"]
[White "Preißler, Niklas"]
[Black "Ratay, Meike"]
[Result "1-0"]
[Termination "normal"]
[Board "6.6"]
[WhiteElo "1795"]
[BlackElo "1575"]
[WhiteTeam "Sachsen"]
[BlackTeam "Thüringen"]
[PlyCount "65"]
[WhiteFideId "12927554"]
[BlackFideId "12977608"]
[EventCountry "GER"]
[EventRounds "7"]
[EventType "team-swiss"]
[EventDate "2014.10.02"]

1. d4 Nf6 2. Nf3 g6 3. c4 Bg7 4. Nc3 O-O 5. e4 d6 6. Be2 Nbd7 7. O-O e5 8. d5
Nc5 9. Qc2 a5 10. Ne1 Ne8 11. Be3 b6 12. a3 f5 13. f3 f4 14. Bf2 h5 15. Nd3
Nxd3 16. Qxd3 g5 17. b4 g4 18. c5 bxc5 19. bxc5 Qg5 20. Qd2 Qg6 21. cxd6 cxd6
22. Rfc1 Bh6 23. Kh1 Kh7 24. Nb5 Rg8 25. Bg1 gxf3 26. Bxf3 Bg4 27. Nc7 Nxc7 28.
Rxc7+ Kh8 29. Rc6 Rac8 30. Rxc8 Rxc8 31. Rc1 Rxc1 32. Qxc1 Qg7 33. Qc6 1-0

[Event "Deutsche Ländermeisterschaft 2014"]
[Site "Hannover GER"]
[Date "2014.10.04"]
[Round "2"]
[White "Grund, Sebastian"]
[Black "Bui, Ngoc Han Julia"]
[Result "1-0"]
[Termination "normal"]
[Board "6.7"]
[WhiteElo "1791"]
[BlackElo "1492"]
[WhiteTeam "Thüringen"]
[BlackTeam "Sachsen"]
[PlyCount "67"]
[WhiteFideId "12988626"]
[BlackFideId "12977055"]
[EventCountry "GER"]
[EventRounds "7"]
[EventType "team-swiss"]
[EventDate "2014.10.02"]

1. Nf3 Nf6 2. g3 g6 3. Bg2 Bg7 4. O-O O-O 5. c4 d5 6. cxd5 Nxd5 7. d4 Nd7 8. a3
Re8 9. Qc2 c6 10. Rd1 e6 11. Nbd2 Qe7 12. e4 N5b6 13. b4 e5 14. Bb2 exd4 15.
Bxd4 Nf6 16. Bc5 Qc7 17. Rac1 Be6 18. Nd4 Bd7 19. Re1 Rad8 20. Rcd1 Nc8 21. Nc4
b6 22. e5 bxc5 23. exf6 Bxf6 24. Rxe8+ Rxe8 25. bxc5 Be6 26. Nxc6 Bf5 27. Qa4
Re2 28. Ne3 Be6 29. Qa6 Rb2 30. Nd5 Bxd5 31. Bxd5 Rc2 32. Nb4 Rxc5 33. Qxf6 Rc1
34. Qxf7+ 1-0